000 00591nam a22002057a 4500
003 OSt
005 20260609154253.0
008 260609b |||||||| |||| 00| 0 eng d
020 _a0-02-658569-3
040 _cChuka University Library
050 _aT 47 .F35 1999
100 _aBrusic A. Sharon
_928055
245 _aTechnology Today and Tomorrow
250 _a4th ED
260 _aUnited States of America
_bGlencoe/McGraw-Hill
_c1999
300 _a624P
_bIllustrations and Index
700 _aFales F. James
_928056
700 _aKuetemeyer F. Vincent
_928057
942 _2lcc
_cBK
_n0
999 _c23713
_d23713